Capital conquest : (Record no. 95084)

MARC details
000 -LEADER
fixed length control field 00721nam a22002177a 4500
005 - DATE AND TIME OF LATEST TRANSACTION
control field 20150825112724.0
010 ## - LCCN (DPL NO)
LC control number ENG-113551
020 ## - INTERNATIONAL STANDARD BOOK NUMBER
Terms of availability 499.00
International Standard Book Number 9789350099964
035 ## - SYSTEM CONTROL NUMBER
System control number EN- 97083
037 ## - SOURCE OF ACQUISITION
Source of stock number/acquisition DBAD/PUB
082 ## - DEWEY DECIMAL CLASSIFICATION NUMBER
Classification number 320.95456
100 ## - MAIN ENTRY--PERSONAL NAME
Personal name Naqvi, Saba
245 ## - TITLE STATEMENT
Title Capital conquest :
Statement of responsibility, etc by Saba Naqvi
Remainder of title how the AAP's incredible victory has redefined Indian elections /
260 ## - PUBLICATION, DISTRIBUTION, ETC. (IMPRINT)
Place of publication, distribution, etc Gurgaon
Name of publisher, distributor, etc Hachette Book Publishing
Date of publication, distribution, etc 2015
270 ## - ADDRESS
Address 4th & 5th Floors, Corporate Center, Plot No. 94, Sector 44
City Gurgaon
Postal code 122003
300 ## - PHYSICAL DESCRIPTION
Extent xi,202p.
Dimensions 21cm(Hb)
500 ## - GENERAL NOTE
General note Includes index
600 ## - SUBJECT ADDED ENTRY--PERSONAL NAME
Personal name Kejarīvāla, Aravinda.
610 ## - SUBJECT ADDED ENTRY--CORPORATE NAME
Corporate name or jurisdiction name as entry element Aam Aadmi Party.
942 ## - ADDED ENTRY ELEMENTS (KOHA)
Source of classification or shelving scheme Dewey Decimal Classification
Item type English Books
Call number suffix NAQ
Classification part 320.95456
Holdings
Withdrawn status Lost status Not for loan Collection code Home library Current library Date acquired Source of acquisition Cost, normal purchase price Full call number Barcode Copy number Cost, replacement price Koha item type
    Not For Loan Non-fiction D.B.Act.Division D.B.Act.Division 20/07/2015 DBAD/PUB 499.00 320.95456 NAQ EN-97083 1 499.00 English Books

© Delhi Public Library
Hit Counter
free hit counter